000 00533nam a2200181Ia 4500
999 _c32173
_d32173
003 OSt
005 20200730135450.0
008 190216s9999||||xx |||||||||||||| ||und||
020 _a9788121928052
040 _coclc
082 _a515.4
_bRAI/I
100 _aRaisinghania, M D
_93881
245 0 _aIntegral Equations And Boundary Value Problems /
_cM D Raisinghania
260 _bS Chand & Co,
_aNew Delhi:
_c2007.
300 _a452p
650 _aMathematics
942 _cBK
_2ddc
_h515.4
_iRAI/I
_k515.4
_mRAI/I